000 00532nam a2200217Ia 4500
003 OSt
005 20230411101541.0
008 210423s2010 xx 000 0 und d
020 _a9788125939818
040 _cAL
041 _aeng
082 _a658.150954 MACH
_223
100 _aMACHIRAJU (H R).
_985886
245 _aIndian financial system.
250 _a4
260 _aNew Delhi
_bVikas Publications
_c2010
300 _axv,458
_bPB
365 _b295
_cINR
906 _afinancial ; Indian ; system.
942 _2ddc
_cBK
999 _c159057
_d159057